Detekcia a rozpoznávanie ľudských tvárí : dát. obhaj. 18.1.2017, č. ved. odb. 9-2-7

Enregistré dans:
Détails bibliographiques
Auteur principal: Loderer, Marek (Auteur)
Autres auteurs: Pavlovičová, Jarmila (Directeur de thèse)
Format: Manuscrit Livre
Langue:slovaque
Publié: Bratislava : STU v Bratislave FEI, 2016
Sujets:
Accès en ligne:http://is.stuba.sk/zp/portal_zp.pl?podrobnosti=130817
Tags: Ajouter un tag
Pas de tags, Soyez le premier à ajouter un tag!

MARC

LEADER 00000ntm a22000003a 4500
001 stuzp46962
003 SK-STU
005 20230413104708.3
007 ta
008 150427s2015----xo-----f-mn---000-0-slo-d
040 |a STU  |b slo 
041 0 |a slo 
100 1 |a Loderer, Marek  |u 031000  |4 aut  |U FEI Fakulta elektrotechniky a informatiky  |T FEI Ústav robotiky a kybernetiky  |X 50788  |U E011  |Y 356  |7 A000050788 
242 0 1 |a Human Face Detection and Recognition  |y eng 
245 1 0 |a Detekcia a rozpoznávanie ľudských tvárí :  |b dát. obhaj. 18.1.2017, č. ved. odb. 9-2-7 
260 |a Bratislava : 
260 |b STU v Bratislave FEI, 
260 |c 2016 
300 |a 101 s.,  |b Autoref. 2016, 34 s. 
650 4 |a biometria  |2 slo 
650 4 |a biometrický systém  |2 slo 
650 4 |a databázy tvárí  |2 slo 
650 4 |a priestory farieb  |2 slo 
650 4 |a detekcia pokožky  |2 slo 
650 4 |a detekcia tvárí  |2 slo 
650 4 |a rozpoznávanie tvárí  |2 slo 
650 4 |a rozpoznávanie emócií  |2 slo 
650 4 |a extrakcia príznakov  |2 slo 
650 4 |a redukcia dimenzie  |2 slo 
650 4 |a klasifikácia  |2 slo 
650 4 |a zhlukovacie algoritmy  |2 slo 
650 4 |a optimalizačné algoritmy  |2 slo 
650 4 |a biometrics  |2 eng 
650 4 |a biometric system  |2 eng 
650 4 |a face databases  |2 eng 
650 4 |a color spaces  |2 eng 
650 4 |a skin detection  |2 eng 
650 4 |a face detection  |2 eng 
650 4 |a face recognition  |2 eng 
650 4 |a emotion recognition  |2 eng 
650 4 |a feature extraction  |2 eng 
650 4 |a dimension reduction  |2 eng 
650 4 |a classification  |2 eng 
650 4 |a clustering algorithms  |2 eng 
650 4 |a optimizing algorithms  |2 eng 
700 1 |a Pavlovičová, Jarmila  |u 031000  |k Z1  |4 ths  |U FEI Fakulta elektrotechniky a informatiky  |T FEI Ústav robotiky a kybernetiky  |X 1872  |U E011  |Y 356  |7 A000001872 
856 4 |u http://is.stuba.sk/zp/portal_zp.pl?podrobnosti=130817 
996 |b 284ED01577  |c E*ZP-446  |l EE01  |s A  |a 24  |w stuzp46962_0001